|
|
|
|
| LEADER |
00000nam0a2200000 4500 |
| 001 |
251314 |
| 005 |
20231031213500.0 |
| 010 |
|
|
|a 502029148X
|
| 020 |
|
|
|a RU
|b 89-25939
|
| 035 |
|
|
|a (RuTPU)RU\TPU\book\273590
|
| 090 |
|
|
|a 251314
|
| 100 |
|
|
|a 20140220d1989 k y0rusy5003 ca
|
| 101 |
0 |
|
|a rus
|
| 102 |
|
|
|a RU
|
| 105 |
|
|
|a a z 001zy
|
| 200 |
1 |
|
|a Оценка направлений НТП в методологии народнохозяйственного планирования
|f С. В. Казанцев
|g Академия наук СССР (АН СССР), Сибирское отделение (СО), Институт экономики и организации промышленного производства (ИЭОПП) ; под ред. В. В. Радченко
|
| 210 |
|
|
|a Новосибирск
|c Наука
|c Сиб. отд-ние
|d 1989
|
| 215 |
|
|
|a 268,[1] с.
|c ил.
|
| 333 |
|
|
|a Исключено из фонда НТБ ТПУ
|
| 700 |
|
1 |
|a Казанцев
|b С. В.
|g Сергей Владимирович
|
| 702 |
|
1 |
|a Радченко
|b В. В.
|4 340
|
| 712 |
0 |
2 |
|a Академия наук СССР (АН СССР)
|b Сибирское отделение (СО)
|b Институт экономики и организации промышленного производства (ИЭОПП)
|c (Новосибирск)
|
| 801 |
|
0 |
|a RU
|b RuMRKP
|c 19950417
|g psbo
|
| 801 |
|
1 |
|a RU
|b 63413507
|c 20140220
|
| 801 |
|
2 |
|a RU
|b 63413507
|c 20220311
|g RCR
|
| 942 |
|
|
|c BK
|